Normal view
MARC view
- Supervised by Lec Zeeshan Zahid
Entry Personal Name
001 - CONTROL NUMBER
- control field: 132050
003 - CONTROL NUMBER IDENTIFIER
- control field: NUST
005 - DATE AND TIME OF LATEST TRANSACTION
- control field: 20251124182242.0
008 - FIXED-LENGTH DATA ELEMENTS
- fixed length control field: 251124|| aca||aabn | a|a d
040 ## - CATALOGING SOURCE
- Original cataloging agency: NUST
- Transcribing agency: NUST
100 ## - HEADING--PERSONAL NAME
- Personal name: Supervised by Lec Zeeshan Zahid
670 ## - SOURCE DATA FOUND
- Source citation: Work cat.: (NUST)188986: Nawaz, Capt. Qasim (TCC-19/TE-44) 131476, Computer Controlled Tunable Micro strip Patch Antenna /, July 2011
